Company law / (Record no. 40530)

MARC details
000 -LEADER
fixed length control field 00692nam a22001937a 4500
005 - DATE AND TIME OF LATEST TRANSACTION
control field 20100810111126.0
010 ## - LCCN (DPL NO)
LC control number ENG-99356
020 ## - INTERNATIONAL STANDARD BOOK NUMBER
International Standard Book Number 9789380243368
Terms of availability 130.00
035 ## - SYSTEM CONTROL NUMBER
System control number EN-82888
037 ## - SOURCE OF ACQUISITION
Source of stock number/acquisition DBAD/PUB
082 ## - DEWEY DECIMAL CLASSIFICATION NUMBER
Classification number 346.066
100 ## - MAIN ENTRY--PERSONAL NAME
Personal name Senthil,PL
245 ## - TITLE STATEMENT
Title Company law /
Statement of responsibility, etc by PL Senthil
260 ## - PUBLICATION, DISTRIBUTION, ETC. (IMPRINT)
Place of publication, distribution, etc Tiruchirappalli
Name of publisher, distributor, etc Raja Publications
Date of publication, distribution, etc 2009
270 ## - ADDRESS
Address 4/1 S S H Shelter Hazarath Abdul Salam Street Khajanagar
City Tiruchirappalli
Postal code 620020
300 ## - PHYSICAL DESCRIPTION
Extent 203p
Dimensions 20cm(pbk)
942 ## - ADDED ENTRY ELEMENTS (KOHA)
Source of classification or shelving scheme Dewey Decimal Classification
Item type English Books
Classification part 346.066
Call number suffix SEN
Holdings
Withdrawn status Lost status Not for loan Collection code Home library Current library Date acquired Source of acquisition Cost, normal purchase price Full call number Barcode Copy number Cost, replacement price Koha item type
    Not For Loan Non-fiction D.B.Act.Division D.B.Act.Division 10/08/2010 DBAD/PUB 130.00 346.066 SEN EN-82888 1 130.00 English Books

© Delhi Public Library
Hit Counter
free hit counter